Islami Nizam-E-Zindagi Aur Uske Buniyadi Tasavvuraat (Record no. 11629)

MARC details
000 -LEADER
fixed length control field 00611nam a2200241 a 4500
020 ## - INTERNATIONAL STANDARD BOOK NUMBER
ISBN
082 00 - DEWEY DECIMAL CLASSIFICATION NUMBER
Classification number 297.2
Author Cutter MAU3
100 ## - MAIN ENTRY--AUTHOR NAME
Author name Maududi, S Abul Ala
245 ## - TITLE STATEMENT
Title Islami Nizam-E-Zindagi Aur Uske Buniyadi Tasavvuraat
260 ## - PUBLICATION, DISTRIBUTION, ETC. (IMPRINT)
Place of publication Delhi
Name of publisher Markazi Maktaba Islami
Year of publication 1990
300 ## - PHYSICAL DESCRIPTION
Number of Pages 550p
500 ## - GENERAL NOTE
General note includes index and biblioraphy
505 2# - FORMATTED CONTENTS NOTE
Formatted contents note Index
650 ## - SUBJECT ADDED ENTRY--TOPICAL TERM
Topical Term Islam-Doctrines
942 ## - ADDED ENTRY ELEMENTS (KOHA)
Koha item type Books
700 1# -
-- Maududi, S Abul Ala
Holdings
Collection code Home library Current library Date acquired Cost, normal purchase price Full call number Accession Number Koha item type
  Henry Martyn Institute Library Henry Martyn Institute Library 07/06/2007 43.00 297.2 MAU3 015472 Books
                   Copyright © 2026 | Henry Martyn Institute | Hyderabad | TS-500052 | INDIA | Implemented by hmi.edu.in
Hit-Count:

Powered by Koha